000 00282nam a22000977a 4500
999 _c515688
_d515688
082 _aTNC B73x5453 N144
100 _aNair, K. Sukumaran
_921414
245 _aRural politics and government in Kerala
_cby K. Sukumaran Nair
260 _aTrivandrum
_bKerala academy
_c1976
300 _a304p.